Central Library OPAC University of Rajshahi

The policy sciences / (Record no. 35710)

MARC details
000 -LEADER
fixed length control field 00979nam a22002777a 4500
001 - CONTROL NUMBER
control field 35710
003 - CONTROL NUMBER IDENTIFIER
rucl marc code BD-RjUL
005 - DATE AND TIME OF LATEST TRANSACTION
control field 20211209052351.0
008 - FIXED-LENGTH DATA ELEMENTS--GENERAL INFORMATION
fixed length control field 140529s19651951n a|||| b||| 001 0 eng d
020 ## - INTERNATIONAL STANDARD BOOK NUMBER
International Standard Book Number 0669995312
035 ## - SYSTEM CONTROL NUMBER
System control number (BD-RjUL)35805
040 ## - CATALOGING SOURCE
Original cataloging agency DLC
Language of cataloging eng
Transcribing agency DLC
Modifying agency BD-RjUL
041 ## - LANGUAGE CODE
Language code of text/sound track or separate title eng
082 00 - DEWEY DECIMAL CLASSIFICATION NUMBER
Classification number 320
Author mark and year POL 1965
245 00 - TITLE STATEMENT
Title The policy sciences /
Statement of responsibility, etc. Edited by Daniel Lerner and Harold D. Lasswell ; with the editorial collaboration of Harold H. Fisher... [et al.]
260 ## - PUBLICATION, DISTRIBUTION, ETC. (IMPRINT)
Place of publication, distribution, etc. California :
Name of publisher, distributor, etc. Standford Unversity Press,
Date of publication, distribution, etc. c1951 [Reprinted 1965].
300 ## - PHYSICAL DESCRIPTION
Pagination xiv, 344 p. :
Illustrations ill. ;
Size 24 cm.
490 ## - SERIES STATEMENT
Series statement Hoover Institution Studies
504 ## - BIBLIOGRAPHY, ETC. NOTE
Bibliography, etc Includes bibliographical references and index.
650 #0 - SUBJECT ADDED ENTRY--TOPICAL TERM
Topical term or geographic name as entry element Policy sciences.
9 (RLIN) 107740
Topical term or geographic name as entry element Social sciences.
9 (RLIN) 219250
700 ## - ADDED ENTRY--PERSONAL NAME
Personal name Lerner, Daniel , ed.
Personal name Lasswell, Harold D., jt. ed.
Personal name Fisher, Harold H. ... [et al.], jt. ed.
942 ## - ADDED ENTRY ELEMENTS (KOHA)
Source of classification or shelving scheme Dewey Decimal Classification
Koha item type Books
Holdings
Lost status Source of classification or shelving scheme Damaged status Not for loan Collection code Permanent Location Current Location Shelving location Date acquired Source of acquisition Cost, normal purchase price Total Checkouts Full call number Date last seen Copy number Koha item type
  Dewey Decimal Classification   Not For Loan Non-fiction Central Library, University of Rajshahi Central Library, University of Rajshahi Reading Room 18/01/1975 M.Obaidul Huq 0.00   320 POL 1965 29/05/2014 C-1 Books